01832ata a2200733 450000500170000000800410001702000150005804100080007308200140008124500230009526000130011826000160013126000090014730000190015665000230017565000150019865000170021365000130023065000120024365000200025565000190027565000260029465000250032065000150034565000220036065000210038265000270040365000420043065000300047265000100050265000170051265000130052965000140054265000130055665000110056965000150058065000150059565000090061065000160061965000210063565000190065665000150067565000170069065000220070765000250072965000250075465000220077965000210080165000240082265000210084665000130086765000220088065000170090265000180091965000150093765000140095265000170096665000190098365000260100265000140102894200120104299900150105495200290106920240515173827.0150515b2007 xxu||||| |||| 00| 0 spa d a8482592815 aESP a500 C569c aCiencias naturales aEspaña bAlfanautica c2007 a309 páginas  aCIENCIAS NATURALES aBIOLOGÍA aBIOQUÍMICA aCÉLULA aTEJIDOS aMICROBIOLOGÍA aFOTOSÍNTESIS aGENÉTICA MENDELIANA aGENÉTICA MOLECULAR aBOTÁNICA aTEJIDOS VEGETALES aCÉLULA VEGETAL aNIVELES MORFOLÓGICOS aÓRGANOS DE LOS VEGETALES SUPERIORES aFISIOLOGÍA DE LA PLANTA aALGAS aANGIOSPERMAS aCEREALES aCONIFERAS aHELECHOS aHONGOS aHORTALIZAS aZOOLOGÍA aAVES aMAMÍFEROS aSISTEMA NERVIOSO aREPRODUCCIÓN aANATOMÍA aFISIOLOGÍA aAPARATO LOCOMOTOR aAPARATO CIRCULATORIO aAPARATO RESPIRATORIO aAPARATO DIGESTIVO aAPARATO URINARIO aAPARATO REPRODUCTOR aSISTEMA NERVIOSO aSENTIDOS aSISTEMA ENDOCRINO aASTRONOMÍA aSISTEMA SOLAR aGEOLOGÍA aGEOTERMIA aSISMOLOGÍA aVULCANOLOGÍA aTECTÓNICA DE PLACAS aMINERALES cBK2ddc c5532d5532 o570 C569cp14646xTUyBK